AH International Schools' Libraries

(Photocopy) Call to be God's leader : (Record no. 49623)

MARC details
000 -LEADER
fixed length control field 00438nam a2200121 4500
020 ## - INTERNATIONAL STANDARD BOOK NUMBER
International Standard Book Number 9780785287810
245 ## - TITLE STATEMENT
Title (Photocopy) Call to be God's leader :
Remainder of title how God prepares His servants for spiritual leadership /
Statement of responsibility, etc Henry Blackaby and Richard Blackaby.
260 ## - PUBLICATION, DISTRIBUTION, ETC. (IMPRINT)
Place of publication, distribution, etc Nashville:
Name of publisher, distributor, etc Thomas Nelson;
Date of publication, distribution, etc 2004.
300 ## - PHYSICAL DESCRIPTION
Extent 211 p.
Dimensions 22 cm.
490 ## - SERIES STATEMENT
Series statement Biblical legacy series;
650 ## - SUBJECT ADDED ENTRY--TOPICAL TERM
Topical term or geographic name as entry element Leadership - Religious aspects.
9 (RLIN) 86743
942 ## - ADDED ENTRY ELEMENTS (KOHA)
Source of classification or shelving scheme
Koha item type Teacher's Resources
Holdings
Withdrawn status Lost status Source of classification or shelving scheme Damaged status Not for loan Collection code Home library Current library Shelving location Date acquired Full call number Barcode Date last seen Price effective from Koha item type
          TEACHERS' RESOURCES Asian Hope Secondary Library Asian Hope Secondary Library SECONDARY 10/08/2025 253 BLA 208787 01/16/2026 10/08/2025 Teacher's Resources

For any Logos Library related questions please contact Miss Art at swongnarasuk@asianhope.org.

For any Asian Hope Library related questions please contact Miss Raza at graza@asianhope.org.

Click here to explore our ebooks!

Powered by Koha